000 00662nam a2200229 i 4500
001 bg
100 1 _aNIEMCZEWSKI, Bogdan
245 1 0 _aUltradźwiękowe oczyszczanie powierzchni /
_cBogdan Niemczewski.
260 _aWarszawa :
_bWydawnictwa Naukowo-Techniczne,
_c1982.
300 _a230, [1] s. :
_bil. ;
_c21 cm.
504 _aBibliogr.
650 9 _aChemia fizyczna
_xzagadnienia
650 9 _aPowierzchnia
_xfizyka
650 9 _aUltradźwięki
_xstosowanie
_xprzemysł
020 _a8320403863
040 _cBPK
041 0 _apol
080 _a534:544:620.193
920 _a83-204-0386-3
942 _cKS
008 s pl f |000 0 pol
999 _c46608
_d46608
856 _uhttp://koha.tu.koszalin.pl/cgi-bin/koha/opac-detail.pl?biblionumber=46608
_yKatalog online BPK